Normal view
MARC view
- Majumdar, Dilip Kumar
Entry Personal Name
001 - CONTROL NUMBER
- control field: 5259
003 - CONTROL NUMBER IDENTIFIER
- control field: OSt
005 - DATE AND TIME OF LATEST TRANSACTION
- control field: 20220924104925.0
008 - FIXED-LENGTH DATA ELEMENTS
- fixed length control field: 220924|| aca||aabn | a|a d
040 ## - CATALOGING SOURCE
- Original cataloging agency: OSt
- Transcribing agency: OSt
100 ## - HEADING--PERSONAL NAME
- Personal name: Majumdar, Dilip Kumar
670 ## - SOURCE DATA FOUND
- Source citation: Work cat.: (OSt)559: Majumdar, Dilip Kumar., Irrigation water management : Principles and Practices / , 2002.
